Diseño experimental de un sistema para monitorear el comportamiento de ratas de laboratorio en un laberinto en "T" elevado
Zapisane w:
| 1. autor: | |
|---|---|
| Format: | Książka |
| Wydane: |
[San José, Costa Rica]
2004
|
| Hasła przedmiotowe: | |
| Etykiety: |
Dodaj etykietę
Nie ma etykietki, Dołącz pierwszą etykiete!
|
MARC
| LEADER | 00000nam a2200000Ia 4500 | ||
|---|---|---|---|
| 003 | 009321 | ||
| 005 | 20221231144139.0 | ||
| 008 | 140114s2004 cr a m 000 ||s d | ||
| 040 | |c cru CEDI | ||
| 090 | |a TFG 4860 | ||
| 100 | |a Porras Masís, Jesús Manuel |9 6531 | ||
| 245 | |a Diseño experimental de un sistema para monitorear el comportamiento de ratas de laboratorio en un laberinto en "T" elevado | ||
| 260 | |c 2004 |a [San José, Costa Rica] | ||
| 300 | |a v, 37 páginas : ilustraciones | ||
| 500 | |a Proyecto de graduación (Bachillerato en ingeniería eléctrica)--Universidad de Costa Rica. Facultad de Ingeniería, Escuela de Ingeniería Eléctrica | ||
| 650 | |x RATAS |x EXPERIMENTOS |9 6532 | ||
| 942 | |c TFG | ||
| 999 | |c 17573 |d 17573 | ||
